[Event "Panagyurishte op 9th"]
[Site "Panagyurishte"]
[Date "2023.05.28"]
[Round "2"]
[White "Tilicheev, Viacheslav"]
[Black "Karadzhov, Petyo"]
[Result "1-0"]
[WhiteElo "2398"]
[BlackElo "1535"]
[PlyCount "49"]
[EventDate "2023.05.28"]
[EventType "swiss"]
[EventRounds "7"]
[EventCountry "BUL"]
[SourceTitle "CBM 214 Extra"]
[Source "ChessBase"]
[SourceDate "2023.07.31"]
[SourceVersion "1"]
[SourceVersionDate "2023.07.31"]
[SourceQuality "1"]

1. e4 e5 2. Nf3 Nc6 3. Bb5 a6 4. Ba4 Nf6 5. 0-0 Bc5 6. c3 0-0 7. d4 exd4 8. cxd4 Bb6 9. d5 Ne7 10. d6 cxd6 11. Nc3 Bc7 12. Bg5 b5 13. Bb3 Bb7 14. Bxf6 gxf6 15. Nd5 Ng6 16. Nd4 Bxd5 17. Bxd5 Rc8 18. Nf5 Ne7 19. Qg4+ Ng6 20. h4 Kh8 21. h5 Rg8 22. hxg6 Rxg6 23. Qh3 Qg8 24. Ne7 Qg7 25. Nxg6+ 1-0